000 00294nam a2200133Ia 4500
008 191201s2017 xx 000 0 und d
100 _aGANAPATHI, S L
245 0 _aLogistics Management
260 _bOxford
_c2017
300 _a582
650 _aBBA
700 _aNANDI, S K
942 _2ddc
_cBK
999 _c6939
_d6939